Ochrana lesů s fytopatologií : (cvičení). 1. /

Hlavní autor: Kula, Emanuel, 1951-
Korporativní autor: Vysoká škola zemědělská v Brně. Lesnická fakulta
Jazyk: Čeština
Vydáno: Brno : Vysoká škola zemědělská, 1985
Vydání: 1. vyd.
Témata:
Fyzický popis: 204 s.
Knihy
Uloženo v:
LEADER 01612nam a22003612a 4500
001 000132157
003 CZ BrMZK
005 20080206113224.0
007 ta
008 950101s1985 xr f cze d
015 |a cnb000015434  |z cnb000051635 
035 |a (OCoLC)85581468 
040 |a BOA001  |b cze 
080 9 |a 630.4 
080 9 |a 378.663 
100 1 |a Kula, Emanuel,  |d 1951-  |7 ola2004235613  |4 aut 
245 1 0 |a Ochrana lesů s fytopatologií :  |b (cvičení).  |n 1. /  |c Emanuel Kula 
250 |a 1. vyd. 
260 |a Brno :  |b Vysoká škola zemědělská,  |c 1985 
300 |a 204 s. 
550 |a Vydavatel: Vysoká škola zemědělská v Brně, Lesnická fakulta 
710 2 |a Vysoká škola zemědělská v Brně.  |b Lesnická fakulta  |7 kn20010710399 
910 |a BOA001  |b 4-0898.069,1  |b 4-0951.497 
964 |a Fytopatologie - lesy - praktika - školy vysoké 
964 |a Lesy - fytopatologie - praktika - školy vysoké 
990 |a BK 
991 |b 200710 
996 7 |b 2619910007  |c 4-0898.069,1  |l MZK  |r Sklad / do 1 hodiny  |n 9  |w 000132157  |u 000020  |a 1  |e BOA001  |j MZK50  |s A 
996 7 |b 2619910008  |c 4-0898.069,1  |l MZK  |r Sklad / do 1 hodiny  |n 7  |w 000132157  |u 000030  |a 1  |e BOA001  |j MZK50  |s A 
996 7 |b 2619910009  |c 4-0898.069,1  |l MZK  |r Sklad / do 1 hodiny  |n 3  |w 000132157  |u 000040  |a 1  |e BOA001  |j MZK50  |s A 
996 6 |b 2619910010  |c 4-0898.069,1  |l MZK  |r Sklad / do 1 hodiny  |n 0  |w 000132157  |u 000050  |a 1  |e BOA001  |j MZK50  |s P 
996 7 |b 2619975592  |c 4-0898.069,1  |l MZK  |r Sklad / do 1 hodiny  |n 6  |w 000132157  |u 000010  |a 1  |e BOA001  |j MZK50  |s A 
996 6 |b BC-549848  |c 4-0951.497  |l MZK  |r Sklad / do 1 hodiny  |n 0  |w 000132157  |u 000060  |a 1  |e BOA001  |j MZK50  |s P